| 000 -LEADER | |
|---|---|
| fixed length control field | 00483nam a22001817a 4500 |
| 005 - DATE AND TIME OF LATEST TRANSACTION | |
| control field | 20240110131748.0 |
| 008 - FIXED-LENGTH DATA ELEMENTS--GENERAL INFORMATION | |
| fixed length control field | 200225b xxu||||| |||| 00| 0 eng d |
| 020 ## - INTERNATIONAL STANDARD BOOK NUMBER | |
| ISBN | 978-93-87964-91-4 |
| 041 ## - LANGUAGE CODE | |
| Language code of text/sound track or separate title | eng |
| 082 ## - DEWEY DECIMAL CLASSIFICATION NUMBER | |
| Classification number | 615.19 |
| 100 ## - MAIN ENTRY--AUTHOR NAME | |
| Personal name | SIDDIQUI ANEES AHMAD AND SIDDIQUI, SEEMI |
| 245 ## - TITLE STATEMENT | |
| Title | PHARMACEUTICAL ANALYSIS AS PER NEW PCI SYLIBUS VOL-2 |
| 250 ## - EDITION STATEMENT | |
| Edition statement | 4th Ed. 2019 |
| 260 ## - PUBLICATION, DISTRIBUTION, ETC. (IMPRINT) | |
| Place of publication | NEW DELHI |
| Name of publisher | CBS |
| 300 ## - PHYSICAL DESCRIPTION | |
| Number of Pages | 416p, |
| 650 ## - SUBJECT ADDED ENTRY--TOPICAL TERM | |
| Topical Term | PHARMACY |
| General subdivision | D.PHARMA |
| 942 ## - ADDED ENTRY ELEMENTS (KOHA) | |
| Koha item type | Books |
| Lost status | Damaged status | Collection code | Home library | Current library | Shelving location | Date acquired | Source of acquisition | Cost, normal purchase price | Full call number | Accession Number | Koha item type |
|---|---|---|---|---|---|---|---|---|---|---|---|
| Reference | JRU Library | JRU Library | SHELF-4-D | 25/02/2020 | PURCHESS | 450.00 | 615.19 | 23644 | Books | ||
| PHARMACY | JRU Library | JRU Library | Shelf - 21- F | 25/02/2020 | PURCHESS | 450.00 | 615.19 | 23645 | Books | ||
| PHARMACY | JRU Library | JRU Library | Shelf - 21- F | 25/02/2020 | PURCHESS | 450.00 | 615.19 | 23646 | Books | ||
| PHARMACY | JRU Library | JRU Library | Shelf - 21- F | 25/02/2020 | PURCHESS | 450.00 | 615.19 | 23647 | Books |